Những mẫu truyện về truyền thống văn hóa Việt Nam

Uloženo v:
Podrobná bibliografie
Hlavní autor: Trần Quốc Vượng
Médium: Kniha
Jazyk:Undetermined
Vydáno: Hà Nội Giáo Dục 1978
Témata:
Tagy: Přidat tag
Žádné tagy, Buďte první, kdo otaguje tento záznam!
Thư viện lưu trữ: Trung tâm Học liệu Trường Đại học Cần Thơ
LEADER 00563nam a2200169Ia 4500
001 CTU_10910
008 210402s9999 xx 000 0 und d
082 |a 305.89597 
082 |b V561vh 
100 |a Trần Quốc Vượng 
245 0 |a Những mẫu truyện về truyền thống văn hóa Việt Nam 
245 0 |c Trần Quốc Vượng, Nguyễn Cao Lũy 
260 |a Hà Nội 
260 |b Giáo Dục 
260 |c 1978 
650 |a vietnam - civilization 
980 |a Trung tâm Học liệu Trường Đại học Cần Thơ